Vida de la madre Sofía Magdalena Barat, fundadora de la Sociedad del Sagrado Corazón de Jesús

Detalles Bibliográficos
Autor principal: Baunard, Louis 1826-1919
Otros Autores: Tejado, Gabino 1819-1891 (tr.)
Formato: Libro
Lenguaje:Spanish
Publicado: Madrid 1877
Materias:
Colección:Banco de datos
Acervo:Biblioteca de la Congregación del Oratorio de San Felipe Neri de México. Iglesia La Profesa
Descripción Física:2 t. il. 22 cm.
Notas:Incluye frontispicio. Encuadernación en keratol. Sello en tinta del Oratorio de San Felipe Neri de México. Biblioteca La Profesa, D.F. Daños en la encuadernación
LEADER 01049nam a22001930004500
035 |a 1010 
041 0 |a spa 
100 1 |a Baunard, Louis  |d 1826-1919 
245 1 0 |a Vida de la madre Sofía Magdalena Barat, fundadora de la Sociedad del Sagrado Corazón de Jesús  |c escrita en francés por el presbítero Monsieur Baunard, capellán del Liceo de Orleans, Doctor en sagrada teología y humanidades ; traducida de la 2a. edición por Gabino Tejado 
260 |a Madrid  |b imp. de la v. é h. de D. E. Aguado  |c 1877 
300 |a 2 t.  |b il.  |c 22 cm. 
500 |a Incluye frontispicio. Encuadernación en keratol. Sello en tinta del Oratorio de San Felipe Neri de México. Biblioteca La Profesa, D.F. Daños en la encuadernación 
504 |a Índice de contenido 
600 1 4 |a Madeleine Sophie, 1779-1865-Biografías 
700 1 |a Tejado, Gabino  |d 1819-1891  |e tr. 
949 |a Iglesia La Profesa, Biblioteca t. 1 (1346) 
942 |c PROFESA 
943 |g Biblioteca de la Congregación del Oratorio de San Felipe Neri de México. Iglesia La Profesa 
999 |c 947821  |d 947821